zpět

Detail výsledku týmu

Harry, Brno

Datum a čas kvízu

26.5 Celkem bodů Celkový počet nahraných bodů na tomto kvízu bez doplňovacích otázek.
11. Pořadí na kvízu Konečné umístění týmu na tomto kvízu.

Zaznamenané odpovědi

# Otázka Odpověď Body Výsledky
1. Minulý týden navštívili Pražsk... Argentina, Slovensko 0.5
2. Který nezvaný živočich přeruši... B) šváb 0
3. Originál ilustrace od kreslíře... Harry Potter a kámen mudrců 0
4. V pondělí jsme se dozvěděli o... Dagmar Havlová 1
5. Tak trochu ve stínu Eura se v... Copa América 1
6. Dobytek se tradičně rozděloval... brav 0
7. Jak se jmenuje zobrazené oblíb... kamerunská ovce (djallonké) 1
8. Které z následujících tvrzení... B 1
9. Jak se jmenuje člověkem vyhube... pratur 0
10. Zvířata, která mají vlnu, vylu... lanolin 1